书目信息 |
| 题名: |
VCD技术与维修
|
|
| 作者: | 吴耕 , 沈兵 编著 | |
| 分册: | ||
| 出版信息: | 上海 上海科学普及出版社 1997 |
|
| 页数: | 306页 | |
| 开本: | 16开 | |
| 丛书名: | ||
| 单 册: | ||
| 中图分类: | TN946.5 | |
| 科图分类: | ||
| 主题词: | 录象系统 | |
| 电子资源: | ||
| ISBN: | 7-5427-1313-2 | |
| 000 | 00583nam0 2200205 45 | |
| 001 | 0109261693 | |
| 005 | 20031219104050.8 | |
| 010 | @a7-5427-1313-2@dCNY22.00 | |
| 100 | @a20010926d1997 km y0chiy0120 ea | |
| 101 | 0 | @achi |
| 105 | @a z 000yy | |
| 200 | 1 | @aVCD技术与维修@AVCD Ji Shu Yu Wei Xiu@f吴耕,沈兵编著@FWu Geng,Shen Bing Bian Zhu |
| 210 | @a上海@c上海科学普及出版社@d1997 | |
| 215 | @a306页@c插图@d16开 | |
| 606 | 0 | @a录象系统 |
| 690 | @aTN946.5@v4 | |
| 701 | @a吴耕@4编著 | |
| 701 | 0 | @a沈兵@4编著 |
| 801 | @aCN@bTSTC@c20010926 | |
| 905 | @f3@b299171-173@dTN946.5@e178 | |
| VCD技术与维修/吴耕,沈兵编著.-上海:上海科学普及出版社,1997 |
| 306页:插图;16开 |
| ISBN 7-5427-1313-2:CNY22.00 |
| ● |
| 相关链接 |
|
|
|
|
正题名:VCD技术与维修
索取号:TN946.5/178
 
预约/预借
| 序号 | 登录号 | 条形码 | 馆藏地/架位号 | 状态 | 备注 |
| 1 | 0299171 | 202991717 | 第三借阅区/ [索取号:TN946.5/178] | 在馆 | |
| 2 | 0299172 | 202991726 | 第三借阅区/ [索取号:TN946.5/178] | 在馆 | |
| 3 | 0299173 | 202991735 | 第二样本阅览室/ [索取号:TN946.5/178] | 在馆 |